01687nam a2200433 i 450000100060000000300080000600500170001400600190003100700150005000800410006502000180010602000270012403500230015103500240017403500250019803500210022304000310024405000200027508200120029510000310030724501160033826400700045430000480052433600310057233700330060333800430063649000250067950000230070450400290072758801260075659001640088265100250104665100300107165500270110179700190112883000270114785600620117499900170123673582FlNmELB20241217143501.0m o d | cr cnu||||||||140813s2007 sp ob 001 0 spa d z9788474764222 a9788474765199 (e-book) a(MiAaPQ)EBC3221730 a(Au-PeEL)EBL3221730 a(CaPaEBR)ebr10889969 a(OCoLC)991924140 aFINmELBbspaerdacFINmELB 4aDP48bA527 20070 a9462231 aAmpudia de Haro, Fernando.14aLas bridas de la conducta :buna aproximación al proceso civilizatorio español /cFernando Ampudia de Haro. 1aMadrid :bCIS - Centro de Investigaciones Sociológicas,c[2007] a1 recurso en línea (xxxii, 202 páginas) atextobtxt2rdacontent/spa acomputadorabc2rdamedia/spa arecurso en líneabcr2rdacarrier/spa1 aMonografías ;v233 aContiene índice. aContiene bibliografía. aDescripción basada en recurso en línea; Título de la página del título en PDF (e-libro, visto august 13, 2014). aRecurso electrónico. Santa Fe, Arg.: e-libro, 2015. Disponible vía World Wide Web. El acceso puede estar limitado para las bibliotecas afiliadas a e-libro. 0aSpainxCivilization. 4aEspañaxCivilización. 4aLibros electrónicos.2 ae-libro, Corp. 0aMonografías. ;v233.40uhttps://elibro.net/ereader/politecnicointernacional/52016 c73582d73582